Rozpočty nákladov a možnosti znižovania nákladovosti v podniku K+K, a.s. diplomová práca

Enregistré dans:
Détails bibliographiques
Auteur principal: Dušková, Martina
Collectivité auteur: Podnikovohospodárska fakulta EU so sídlom v Košiciach. Katedra účtovníctva a financií
Autres auteurs: Neufeld, Juraj, 1946-
Format: Livre
Langue:slovaque
Publié: Košice 2008
Tags: Ajouter un tag
Pas de tags, Soyez le premier à ajouter un tag!

MARC

LEADER 00000nam$a2200000$$$4500
001 0077396
005 20240201120306.1
041 0 |a slo 
044 |a SK 
245 1 0 |a Rozpočty nákladov a možnosti znižovania nákladovosti v podniku K+K, a.s.  |b diplomová práca  |c Martina Dušková ; škol. Juraj Neufeld 
264 1 |a Košice  |c 2008 
300 |a 77 s. 
100 1 |a Dušková, Martina 
700 1 |a Neufeld, Juraj, 1946- 
710 2 |a Podnikovohospodárska fakulta EU so sídlom v Košiciach. Katedra účtovníctva a financií